| 000 | 00633nam a2200193 i 4500 | ||
|---|---|---|---|
| 001 | 72901 | ||
| 003 | ES-MaACL | ||
| 005 | 20230906171609.0 | ||
| 007 | t| | ||
| 008 | 040903s1969 sp ||||1| spa d | ||
| 080 | _a653.4=60 | ||
| 100 | 1 |
_aGómez, F. _957760 |
|
| 245 | 1 | 0 |
_aTaquigrafía : _b(arte de escribir tan deprisa como se habla) : método teórico-práctico, breve, claro y completo... Sistema Martí / _cpor F. Gómez. |
| 250 | _a19ª ed. rev. y aum. | ||
| 260 |
_aPamplona : _bGómez, _c[1969] |
||
| 300 |
_a249 p., 22 lám. : _bil. ; _c22 cm. |
||
| 650 | 4 |
_aTaquigrafía Martí. _9158818 |
|
| 852 |
_aES-MaACL _jC-45665 |
||
| 999 |
_c72901 _d72901 |
||